<?xml version="1.0" encoding="UTF-8"?>
<record
    xmlns:xsi="http://www.w3.org/2001/XMLSchema-instance"
    xsi:schemaLocation="http://www.loc.gov/MARC21/slim http://www.loc.gov/standards/marcxml/schema/MARC21slim.xsd"
    xmlns="http://www.loc.gov/MARC21/slim">

  <leader>00514nam a2200145Ia 4500</leader>
  <controlfield tag="008">260210s9999    xx            000 0 und d</controlfield>
  <datafield tag="024" ind1=" " ind2=" ">
    <subfield code="a">18B-081-CS, 18B-059-CS, 18B-080-CS, 17B-084-CS &amp;amp; 17B-079-CS</subfield>
  </datafield>
  <datafield tag="082" ind1=" " ind2=" ">
    <subfield code="a">004.072 KHA</subfield>
  </datafield>
  <datafield tag="100" ind1=" " ind2=" ">
    <subfield code="a">Khurram Khalil, Fatima Ilyas, Hassan Ahmed Inanmdar, Abdul basit &amp;amp; Wasi ur Rehman</subfield>
  </datafield>
  <datafield tag="110" ind1=" " ind2=" ">
    <subfield code="a">Sir Usman Arif</subfield>
  </datafield>
  <datafield tag="245" ind1=" " ind2="0">
    <subfield code="a">Cervical Deormity Identification</subfield>
  </datafield>
  <datafield tag="260" ind1=" " ind2=" ">
    <subfield code="a">Karachi:</subfield>
    <subfield code="b">UITU,</subfield>
    <subfield code="c">2018</subfield>
  </datafield>
  <datafield tag="600" ind1=" " ind2=" ">
    <subfield code="a">Computer Science</subfield>
  </datafield>
  <datafield tag="650" ind1=" " ind2=" ">
    <subfield code="a">Bachelor of Engineering (BE)</subfield>
  </datafield>
  <datafield tag="999" ind1=" " ind2=" ">
    <subfield code="c">32498</subfield>
    <subfield code="d">32498</subfield>
  </datafield>
</record>
